| 000 | 00735nam a22001937a 4500 | ||
|---|---|---|---|
| 999 |
_c16921 _d16921 |
||
| 003 | AR-CdUCM | ||
| 008 | 190506b ||||| |||| 00| 0 spa d | ||
| 040 |
_aMUNICIPALIDAD PROVINCIAL DEL CUSCO _cBIBLIOTECA MUNICIPAL DEL CUSCO |
||
| 082 |
_23ed. _a400 / _bA42 |
||
| 100 |
_aAlonso, Amado _914216 |
||
| 245 |
_aEstudios lingüísticos : _btemas españoles / |
||
| 260 |
_aMadrid : _bGredos, _c1967. |
||
| 300 |
_a286 páginas ; _c21 cm. |
||
| 440 |
_aBiblioteca romántica hispánica ; _n2 _935613 |
||
| 505 | _aContenido: Estudios de geografía lingüística -- Diacronía y adstrato -- Estudios de semiología y estilística -- Notas de fonética. | ||
| 650 |
_aLingüística _91640 |
||
| 942 |
_2ddc _cLIBROS |
||
| 945 |
_aacv _d2019-05-06 |
||